000 00568nam a22001937a 4500
005 20260128151445.0
010 _aENG-147686
020 _a9789355461681
_c250.00
035 _aEN-131218
037 _bDBAD
082 _21
_aN
100 _aOrwell, George
_986981
245 _aBurmese Days/
_cGeorge Orwell
250 _a1
260 _aEast Delhi
_bPharos Books
_c2023
270 _aPlot No. -63 Main Mother Dairy Road Pandav Nagar, East Delhi
_bEast Delhi
_e110092
_k011-403958555
_msales@pharosbooks.in
300 _a294p.
_c21cm(pb)
942 _2ddc
_cEN
_mORW
_hN
999 _c214595
_d214595